000 01050nam a2200313 i 4500
001 000020013
003 DO-SdBNP
005 20230525135249.0
007 ta
008 100712s1970 sp 001 f spa d
040 _aDO-SdBNP
_bspa
_cBNPHU
_erda
049 _aBNGR
082 4 _a863.6
_bV181f, 1970
_222
100 1 _aValle-Inclán, Ramón del,
_d1866-1936.
_93325
_eautor
245 1 0 _aFlor de santidad :
_bhistoria milenaria /
_cRamón del Valle-Inclán.
246 3 3 _aLa media noche :
_bvisión estelar de un momento de guerra.
250 _a4a ed.
264 _aMadrid :
_bEspasa-Calpe,
_c1970.
300 _a199, [16] páginas ;
_c18 cm.
336 _2rdacontent
_atexto
_btxt
337 _2rdamedia
_asin mediación
_bn
338 _2rdacarrier
_avolumen
_bnc
490 1 _aAustral. Azul: novelas y cuentos en general
_v302
500 _aIncluye índice de autores
650 4 _aNovela española
_91123
650 4 _aLiteratura española
_9632
830 0 _aAustral.
_pAzul: novelas y cuentos en general
_v302
_922386
942 _2ddc
_cLBS1
999 _c19525
_d19525